[Event "Women's Speed Chess Q7"]
[Site "chess.com INT"]
[Date "2021.06.06"]
[Round "2"]
[White "Padmini, Rout"]
[Black "Nurmanova, Alua"]
[Result "1-0"]
[WhiteTitle "IM"]
[BlackTitle "WFM"]
[WhiteElo "2370"]
[BlackElo "2093"]
[WhiteFideId "5029295"]
[BlackFideId "13729390"]
[EventDate "2021.06.06"]

1. e4 c5 2. Nf3 d6 3. d4 cxd4 4. Nxd4 Nf6 5. Nc3 a6 6. Be2 e6 7. O-O Qc7 8. Be3
b5 9. a3 Bb7 10. Bd3 Nbd7 11. f4 Be7 12. Qf3 Nc5 13. Rae1 O-O 14. Kh1 Nfd7 15.
Qh3 Rfe8 16. f5 e5 17. Nde2 Nxd3 18. cxd3 Nc5 19. Bxc5 dxc5 20. Ng3 f6 21. Nh5
Bf8 22. Rf3 Rad8 23. Rg3 Kh8 24. Qh4 c4 25. dxc4 Qxc4 26. Rh3 Qg8 27. Qf2 Qf7
28. Ng3 Qc7 29. Nf1 Bc5 30. Ne3 Rd3 31. Qh4 h6 32. Ned5 Bxd5 33. Nxd5 Qf7 34.
Rxd3 Rd8 35. Qg3 Bd4 36. Red1 Qb7 37. b4 Qc6 38. h4 Qc2 39. Kh2 Qa2 40. Kh3 Rc8
41. R3d2 Qc4 42. Qd3 Qc6 43. Ne7 1-0

[Event "Women's Speed Chess Q7"]
[Site "chess.com INT"]
[Date "2021.06.06"]
[Round "2"]
[White "Koridze, Lile"]
[Black "Tarasova, Viktoriya"]
[Result "1-0"]
[WhiteTitle "WFM"]
[BlackTitle "WIM"]
[WhiteElo "2016"]
[BlackElo "2226"]
[WhiteFideId "13612514"]
[BlackFideId "4175840"]
[EventDate "2021.06.06"]

1. d4 Nf6 2. c4 e6 3. Nc3 Bb4 4. e3 d5 5. Bd3 O-O 6. Ne2 b6 7. O-O Ba6 8. cxd5
exd5 9. Bxa6 Nxa6 10. Qa4 Qc8 11. Bd2 Qb7 12. Rac1 c6 13. Rfd1 Rac8 14. Nf4 Bd6
15. h3 Rfe8 16. Nd3 Nc7 17. Ne2 Ne6 18. Qc2 Ne4 19. Be1 f5 20. Nc3 g6 21. a3 Rf8
22. b4 a6 23. Ne2 g5 24. Ne5 Bxe5 25. dxe5 f4 26. f3 Ng3 27. Nxg3 fxg3 28. Bxg3
c5 29. Qd2 Rfd8 30. f4 d4 31. f5 Ng7 32. e4 c4 33. Qxg5 Kh8 34. Re1 d3 35. Bf4
c3 36. Rxc3 Qd7 37. Rxc8 Rxc8 38. Rd1 Rc2 39. e6 Qd4+ 40. Be3 Qxe4 41. Qd8+ Ne8
42. Qxe8+ Kg7 43. Qf7+ Kh8 44. Qf8# 1-0

[Event "Women's Speed Chess Q7"]
[Site "chess.com INT"]
[Date "2021.06.06"]
[Round "2"]
[White "Yu, Jennifer"]
[Black "Varshini, V"]
[Result "0-1"]
[WhiteTitle "FM"]
[BlackTitle "WGM"]
[WhiteElo "2316"]
[BlackElo "2226"]
[WhiteFideId "2078341"]
[BlackFideId "5091241"]
[EventDate "2021.06.06"]

1. d4 d5 2. c4 e6 3. Nc3 Nf6 4. cxd5 exd5 5. Bg5 Be7 6. e3 O-O 7. Bd3 Nbd7 8.
Nge2 c6 9. Qc2 h6 10. Bh4 Re8 11. O-O Ne4 12. Bxe7 Qxe7 13. Rae1 Ndf6 14. f3
Nxc3 15. Nxc3 Qd8 16. Qf2 Be6 17. h3 Rc8 18. e4 dxe4 19. fxe4 Qb6 20. e5 Nd5 21.
Ne4 Rcd8 22. Nd6 Re7 23. Bb1 Nc7 24. Rd1 Ne8 25. Nf5 Bxf5 26. Qxf5 g6 27. Qe4
Ng7 28. Rf2 Ne6 29. Rfd2 Red7 30. Qh4 Rxd4 31. Rxd4 Rxd4 32. Rxd4 Qxd4+ 33. Qxd4
Nxd4 34. Be4 Kf8 35. Kf2 Ke7 36. Ke3 Ne6 37. b4 Nc7 38. a4 Ke6 39. Kd4 Nd5 40.
Bxd5+ cxd5 41. g4 g5 42. a5 a6 43. Kc5 Kxe5 44. Kb6 d4 45. Kxb7 d3 46. b5 axb5
47. a6 d2 48. a7 d1=Q 49. a8=Q Qd5+ 0-1

[Event "Women's Speed Chess Q7"]
[Site "chess.com INT"]
[Date "2021.06.06"]
[Round "2"]
[White "Priyanka, K"]
[Black "Vu, Bui Thi Thanh Van"]
[Result "1-0"]
[WhiteTitle "WIM"]
[BlackTitle "WFM"]
[WhiteElo "2218"]
[BlackElo "1750"]
[WhiteFideId "5082986"]
[BlackFideId "12408921"]
[EventDate "2021.06.06"]

1. e4 e6 2. d4 d5 3. Nc3 dxe4 4. Nxe4 Nf6 5. Bg5 Be7 6. Bxf6 Bxf6 7. Nf3 O-O 8.
Bd3 b6 9. Nxf6+ Qxf6 10. Be4 c6 11. O-O Bb7 12. c3 Nd7 13. Re1 Rad8 14. Qe2 Ba8
15. Rad1 h6 16. Ne5 Kh8 17. Nxc6 Bxc6 18. Bxc6 Qg5 19. Bxd7 Rxd7 20. Qe5 Qe7 21.
d5 Re8 22. dxe6 Rxd1 23. Rxd1 Qxe6 24. Qxe6 Rxe6 25. Kf1 Kh7 26. Rd7 a5 27. Rxf7
Kg6 28. Rd7 Kf6 29. f3 g5 30. Kf2 Kf5 31. Rd3 h5 32. Rd4 Re5 33. b4 axb4 34.
cxb4 b5 35. a3 Ke6 36. Re4 Rxe4 37. fxe4 Ke5 38. Ke3 g4 39. g3 Ke6 40. Kd4 Kd6
41. e5+ Ke6 42. Ke4 Ke7 43. Kf5 Kf7 44. Kg5 Ke7 45. Kxh5 Ke6 46. Kxg4 Kxe5 47.
h4 Kd4 48. h5 Kc3 49. h6 Kb3 50. h7 Kxa3 51. h8=Q Kxb4 52. Qb2+ Kc4 53. Kf4 b4
54. g4 b3 55. g5 Kb4 56. g6 Kc4 57. g7 Kb4 58. g8=Q 1-0

[Event "Women's Speed Chess Q7"]
[Site "chess.com INT"]
[Date "2021.06.06"]
[Round "2"]
[White "Jakubowska, Anna"]
[Black "Potapova, Margarita"]
[Result "0-1"]
[WhiteTitle "WIM"]
[BlackTitle "WIM"]
[WhiteElo "2073"]
[BlackElo "2260"]
[WhiteFideId "1121952"]
[BlackFideId "14126869"]
[EventDate "2021.06.06"]

1. e4 c5 2. Nc3 d6 3. g3 g6 4. Bg2 Bg7 5. d3 Nc6 6. Nh3 e6 7. O-O Nge7 8. f4 O-O
9. g4 f5 10. exf5 gxf5 11. g5 Ng6 12. Be3 Nd4 13. Qd2 Rb8 14. Rae1 b5 15. Nd1 b4
16. c3 bxc3 17. bxc3 Nb5 18. a4 Nc7 19. d4 cxd4 20. Bxd4 e5 21. Be3 e4 22. Bd4
Ne6 23. Bxg7 Kxg7 24. Ne3 Bb7 25. Rd1 Nc5 26. Qxd6 Qxd6 27. Rxd6 Rfd8 28. Rfd1
Nd3 29. Nxf5+ Kf7 30. Rf6+ Kg8 31. Nh6+ Kh8 32. f5 Nge5 33. g6 hxg6 34. fxg6 Kg7
35. Rdf1 Kxh6 36. R6f5 Kg7 37. Nf4 Nxf4 38. R1xf4 Nxg6 39. Rg4 Rd6 40. Bxe4 Bc8
41. Rfg5 Bxg4 42. Rxg4 Rc8 43. h4 Kf7 44. h5 Ne5 45. Rf4+ Ke7 46. Bf5 Rxc3 47.
Re4 Kf6 48. Bh3 Rxh3 49. Kg2 Rxh5 0-1

[Event "Women's Speed Chess Q7"]
[Site "chess.com INT"]
[Date "2021.06.06"]
[Round "2"]
[White "Paehtz, Elisabeth"]
[Black "Zhuravleva, Olga"]
[Result "1-0"]
[WhiteTitle "IM"]
[BlackTitle "WIM"]
[WhiteElo "2456"]
[BlackElo "2278"]
[WhiteFideId "4641833"]
[BlackFideId "4145933"]
[EventDate "2021.06.06"]

1. d4 g6 2. Nf3 Bg7 3. c3 d6 4. e4 Nc6 5. Bd3 e5 6. Bg5 Nf6 7. Nbd2 O-O 8. O-O
h6 9. Bh4 Re8 10. Re1 Bg4 11. h3 Bd7 12. dxe5 dxe5 13. Nc4 Qe7 14. Ne3 g5 15.
Bg3 Rad8 16. Qc2 Qf8 17. Rad1 Nh5 18. Bh2 Nf4 19. Bc4 a6 20. a4 Kh8 21. Nd5 Nxd5
22. Bxd5 Bc8 23. Bxc6 bxc6 24. Nd2 f5 25. exf5 Bxf5 26. Ne4 Rxd1 27. Rxd1 Rd8
28. f3 Rxd1+ 29. Qxd1 Qe7 30. Bg3 Kh7 31. Bf2 Bf8 32. Qe2 Bxe4 33. Qxe4+ Kg7 34.
Qxc6 Qd6 35. Qxd6 Bxd6 36. Kf1 Kf6 37. Ke2 Ke6 38. Kd3 Kd5 39. c4+ Ke6 40. c5
Be7 41. Kc4 c6 42. b4 Bd8 43. b5 axb5+ 44. axb5 cxb5+ 45. Kxb5 Kd7 46. c6+ Kc8
47. g4 Be7 48. Bc5 Bf6 49. Bf8 Kc7 50. Bxh6 Kd6 51. Bf8+ Kc7 52. Kc5 Kc8 53. Kd5
Kc7 54. Bd6+ Kb6 55. Bxe5 Bd8 56. c7 Bxc7 57. Bxc7+ Kxc7 58. Ke5 Kd7 59. Kf5 Ke7
60. Kxg5 Kf7 61. h4 Kg7 62. h5 Kh7 63. f4 Kh8 64. f5 Kh7 65. f6 Kh8 66. Kg6 Kg8
67. f7+ Kf8 68. g5 Ke7 69. Kg7 Ke6 70. f8=Q 1-0

[Event "Women's Speed Chess Q7"]
[Site "chess.com INT"]
[Date "2021.06.06"]
[Round "2"]
[White "Ortiz Verdezoto, Anahi"]
[Black "Corrales Jimenez, Zenia"]
[Result "0-1"]
[WhiteTitle "WIM"]
[BlackTitle "WIM"]
[WhiteElo "2013"]
[BlackElo "2189"]
[WhiteFideId "3614581"]
[BlackFideId "3506355"]
[EventDate "2021.06.06"]

1. d4 d5 2. e3 Nf6 3. Bd3 e6 4. Nf3 c5 5. c4 dxc4 6. Bxc4 cxd4 7. exd4 Be7 8.
Nc3 O-O 9. O-O Nc6 10. Be3 Nb4 11. a3 Nbd5 12. Bd2 b6 13. Re1 Bb7 14. Rc1 Rc8
15. Bd3 Nxc3 16. bxc3 h6 17. Qb3 Bd5 18. Qb2 Qd6 19. Ne5 Qxa3 20. Qxa3 Bxa3 21.
Ra1 Bb2 22. Rxa7 Bxc3 23. Bxc3 Rxc3 24. Rb1 Rfc8 25. h3 Bb3 26. Nxf7 Rxd3 27.
Ne5 Rdc3 28. Kh2 b5 29. Ng6 R8c7 30. Ra8+ Kh7 31. Nf8+ Kg8 32. Ng6+ Kf7 33. Ne5+
Ke7 34. Ng6+ Kd6 35. Rd8+ Rd7 36. Rb8 b4 37. Rxb4 Nd5 38. R4xb3 Rxb3 39. Rxb3
Rc7 40. Ne5 Rc2 41. Rb6+ Kc7 42. Kg3 Nxb6 43. h4 Kd6 44. Kf3 Nd5 45. g4 Rc3+ 46.
Ke4 Rc2 47. f4 Re2+ 48. Kf3 Re3+ 49. Kf2 Ra3 50. Nc4+ Kc6 51. Nxa3 Nxf4 52. Kf3
Ng6 53. h5 Ne7 54. Kf4 Kd5 55. Nc2 Kc4 56. Ne3+ Kxd4 57. Ng2 Nd5+ 58. Kf3 e5 59.
Nh4 e4+ 60. Ke2 e3 61. Nf5+ Ke4 62. Nxg7 Nf4+ 63. Ke1 Kf3 64. Nf5 Nd3+ 65. Kd1
e2+ 66. Kd2 e1=Q+ 67. Kxd3 Qe2+ 68. Kc3 Qe4 69. Nh4+ Kxg4 70. Ng6 Kxh5 0-1

[Event "Women's Speed Chess Q7"]
[Site "chess.com INT"]
[Date "2021.06.06"]
[Round "2"]
[White "Garifullina, Leya"]
[Black "Vantika, Agrawal"]
[Result "0-1"]
[WhiteTitle "WGM"]
[BlackTitle "WIM"]
[WhiteElo "2399"]
[BlackElo "2286"]
[WhiteFideId "34127035"]
[BlackFideId "25050389"]
[EventDate "2021.06.06"]

1. e4 c5 2. Nf3 d6 3. d4 cxd4 4. Nxd4 Nf6 5. Nc3 a6 6. h3 e5 7. Nde2 h5 8. Bg5
Be6 9. Bxf6 Qxf6 10. Nd5 Qd8 11. Nec3 Nd7 12. Bc4 g6 13. O-O Bg7 14. Qe2 O-O 15.
Rad1 b5 16. Bb3 Rc8 17. Ne3 Nc5 18. f3 h4 19. Rd2 Bh6 20. Rfd1 Qg5 21. Ng4 Bxg4
22. fxg4 b4 23. Nd5 Ne6 24. Rf1 Qxd2 25. Nf6+ Kg7 26. Qf3 Qe3+ 27. Qxe3 Bxe3+
28. Kh1 Nd4 29. Re1 Bg5 30. Nd5 Nxb3 31. cxb3 Rc2 32. Rb1 Rfc8 33. Nxb4 Rc1+ 34.
Rxc1 Rxc1+ 35. Kh2 Bf4+ 36. g3 hxg3+ 37. Kg2 Rd1 38. Nd5 Rd2+ 39. Kg1 Rxb2 40.
b4 Rxa2 41. Nc3 Rb2 42. Nd5 f5 43. gxf5 gxf5 44. exf5 Kf7 45. h4 g2 46. h5 Bg5
47. Kh2 e4 48. Kg1 e3 49. Nc3 Rc2 50. Ne4 Bf4 51. h6 e2 52. Kxg2 e1=Q+ 53. Kf3
Qf1+ 54. Kg4 Rg2+ 55. Kh5 Qh1# 0-1

[Event "Women's Speed Chess Q7"]
[Site "chess.com INT"]
[Date "2021.06.06"]
[Round "2"]
[White "Grineva, Marianna"]
[Black "Kulkarni, Bhakti"]
[Result "1-0"]
[WhiteTitle "WFM"]
[BlackTitle "IM"]
[WhiteElo "2029"]
[BlackElo "2391"]
[WhiteFideId "14102013"]
[BlackFideId "5019516"]
[EventDate "2021.06.06"]

1. e4 c6 2. d4 g6 3. Nc3 d5 4. e5 Bg7 5. h3 Nh6 6. Nf3 f6 7. Bd3 Nf7 8. Qe2 O-O
9. O-O c5 10. exf6 exf6 11. dxc5 Re8 12. Qd1 Nc6 13. a3 a5 14. Bb5 Be6 15. Bf4
Rc8 16. Na4 Nfe5 17. Nb6 Rc7 18. Nd4 Bf7 19. Re1 Ree7 20. Qd2 Nxd4 21. Qxd4 g5
22. Bg3 Qf8 23. Nxd5 Red7 24. Bxd7 Rxd7 25. c4 Nc6 26. Qg4 f5 27. Qxf5 Bxd5 28.
Qxf8+ Kxf8 29. cxd5 Rxd5 30. Bd6+ Kf7 31. Re3 Bxb2 32. Rb1 Bd4 33. Rxb7+ Kf6 34.
Rf3+ Ke6 35. Rff7 Bxc5 36. Bxc5 Rxc5 37. Rxh7 Rc1+ 38. Kh2 Ra1 39. Rh6+ Kd5 40.
Rd7+ Kc5 41. Rc7 Rxa3 42. Rcxc6+ Kd5 43. Ra6 a4 44. Rhg6 Ra1 45. Rxg5+ Kc4 46.
Rga5 Kb4 47. Ra8 a3 48. R5a7 Kb3 49. h4 a2 50. h5 Kb2 51. h6 Rh1+ 52. Kxh1 1-0

[Event "Women's Speed Chess Q7"]
[Site "chess.com INT"]
[Date "2021.06.06"]
[Round "2"]
[White "Kazarian, Anna-Maja"]
[Black "Von Herman, Brigitte"]
[Result "1-0"]
[WhiteTitle "FM"]
[BlackTitle "WFM"]
[WhiteElo "2096"]
[BlackElo "1991"]
[WhiteFideId "1033689"]
[BlackFideId "4628730"]
[EventDate "2021.06.06"]

1. e4 e5 2. Nf3 Nc6 3. Bc4 Nf6 4. d3 Bc5 5. O-O d6 6. c3 a6 7. Bb3 Ba7 8. Be3 h6
9. Bxa7 Nxa7 10. d4 Qe7 11. Nbd2 Nc6 12. Re1 g5 13. dxe5 dxe5 14. Nc4 Bg4 15.
Ne3 Be6 16. Bxe6 fxe6 17. Nc4 Nd7 18. a4 O-O-O 19. Qc2 Rdf8 20. b4 Rxf3 21. gxf3
g4 22. fxg4 Rg8 23. Ne3 h5 24. f3 hxg4 25. fxg4 Qh4 26. Qg2 Nf6 27. h3 Ne7 28.
Rf1 Ng6 29. g5 Nf4 30. Qh2 Nxe4 31. Ng4 Rxg5 32. Rxf4 exf4 33. Qxf4 Qxh3 34.
Qf8+ Kd7 35. Rd1+ Nd6 36. Qf7+ Kc6 37. b5+ axb5 38. axb5+ Nxb5 39. Qd7+ Kb6 40.
Rd4 Qg3+ 41. Kf1 Qf3+ 42. Ke1 Rxg4 43. Qxe6+ Nd6 44. Qxg4 Qxc3+ 45. Ke2 Qc2+ 46.
Rd2 1-0

[Event "Women's Speed Chess Q7"]
[Site "chess.com INT"]
[Date "2021.06.06"]
[Round "2"]
[White "Petrova, Irina"]
[Black "Grigoryan, Meri"]
[Result "1-0"]
[WhiteTitle "WIM"]
[BlackTitle "WFM"]
[WhiteElo "2110"]
[BlackElo "2044"]
[WhiteFideId "14124122"]
[BlackFideId "13300571"]
[EventDate "2021.06.06"]

1. e4 d5 2. exd5 Qxd5 3. Nc3 Qa5 4. d3 Bf5 5. Bd2 c6 6. Nf3 Nf6 7. Be2 e5 8. O-O
Bd6 9. Ne4 Qc7 10. Nxd6+ Qxd6 11. Bc3 Nbd7 12. Re1 O-O 13. Bf1 Rfe8 14. Nh4 Bg4
15. Be2 Bxe2 16. Qxe2 Nd5 17. Qg4 Nxc3 18. bxc3 Nf6 19. Qg3 Qe6 20. Rab1 b6 21.
d4 e4 22. Nf3 Qf5 23. Ne5 Rac8 24. a4 Nd5 25. a5 e3 26. fxe3 Nxc3 27. e4 Nxe4
28. Qd3 Nd6 29. axb6 Qxd3 30. Nxd3 Rxe1+ 31. Nxe1 axb6 32. Rxb6 Nc4 33. Rb4 Nd6
34. Nd3 Kf8 35. Nc5 f6 36. Ra4 Rc7 37. Kf1 Ke7 38. Ke2 Nb5 39. Kd3 Kd6 40. Ra8
Na7 41. Rd8+ Ke7 42. Rg8 Kf7 43. Rh8 h6 44. Rh7 Kg6 45. Rh8 Kf7 46. Ra8 Nc8 47.
c4 Ne7 48. Ke4 Ng6 49. d5 Re7+ 50. Kd4 cxd5 51. cxd5 Nf4 52. d6 Ne2+ 53. Kd5
Re5+ 54. Kc6 Nd4+ 55. Kb6 Ne6 56. Ra7+ Kg6 57. Nxe6 Rxe6 58. Kc6 Kf5 59. Ra2 Re2
60. Rxe2 1-0

[Event "Women's Speed Chess Q7"]
[Site "chess.com INT"]
[Date "2021.06.06"]
[Round "2"]
[White "Dordzhieva, Dinara"]
[Black "Bommini, Mounika Akshaya"]
[Result "1-0"]
[WhiteTitle "WGM"]
[BlackTitle "WFM"]
[WhiteElo "2311"]
[BlackElo "2029"]
[WhiteFideId "24157570"]
[BlackFideId "25019872"]
[EventDate "2021.06.06"]

1. d4 f5 2. Nf3 Nf6 3. c4 e6 4. g3 d5 5. Bg2 c6 6. O-O Bd6 7. Bf4 Bxf4 8. gxf4
O-O 9. Nbd2 Nbd7 10. Ne5 Ne4 11. Ndf3 Nxe5 12. Nxe5 g5 13. e3 gxf4 14. exf4 Qf6
15. c5 Kh8 16. f3 Ng5 17. fxg5 Qxg5 18. f4 Qg7 19. Qf3 Bd7 20. Kh1 Be8 21. Rg1
Qf6 22. Rae1 Rg8 23. Bh3 Bf7 24. Rg2 Rxg2 25. Bxg2 Rg8 26. Rg1 Be8 27. Bf1 Rxg1+
28. Kxg1 Qh4 29. Qg3 Qh5 30. Kf2 Qd1 31. Qe3 Qc2+ 32. Be2 Qxb2 33. Nf3 Bf7 34.
Qe5+ Kg8 35. Ng5 Qd2 36. Qb8+ Kg7 37. Qe5+ Kg6 38. Nxe6 Bxe6 39. Qxe6+ Kg7 40.
Qe5+ Kg6 41. Qd6+ Kg7 42. Qe5+ Kg6 43. Kf1 Qc1+ 44. Kg2 Qd2 45. Kg3 Qc3+ 46. Bf3
Qc1 47. Qe6+ Kg7 48. Qxf5 Qg1+ 49. Kh3 Qf1+ 50. Bg2 Qe1 51. Qg5+ Kf7 52. Qf5+
Kg8 53. Qc8+ Kf7 54. Qxb7+ Kg6 55. Qxc6+ Kh5 56. Qxd5+ Kg6 57. Qd6+ Kh5 58. Bf3# 1-0

[Event "Women's Speed Chess Q7"]
[Site "chess.com INT"]
[Date "2021.06.06"]
[Round "2"]
[White "Chu, Ruotong"]
[Black "Sliwicka, Alicja"]
[Result "1-0"]
[WhiteTitle "WIM"]
[BlackTitle "WIM"]
[WhiteElo "2207"]
[BlackElo "2308"]
[WhiteFideId "8605653"]
[BlackFideId "1150677"]
[EventDate "2021.06.06"]

1. d4 Nf6 2. Nf3 c5 3. g3 cxd4 4. Nxd4 e5 5. Nf3 Nc6 6. Bg2 d5 7. O-O Be7 8. c4
Be6 9. cxd5 Bxd5 10. Nc3 Be6 11. Ng5 Bf5 12. Qb3 O-O 13. Qxb7 Nd4 14. Qxa8 Qxa8
15. Bxa8 Rxa8 16. Bd2 Bb4 17. Kg2 e4 18. a3 Bc5 19. Be3 h6 20. Nh3 Ng4 21. Bxd4
Bxd4 22. e3 Bb6 23. Nf4 Ne5 24. Nfd5 Bc5 25. b4 Bf8 26. Rfd1 Bg4 27. Rd2 Bf3+
28. Kg1 h5 29. Rd4 f5 30. b5 h4 31. Ra4 Bc5 32. b6 hxg3 33. hxg3 g5 34. Kf1 Kf7
35. Ke1 f4 36. Kd2 Bg4 37. Rxa7+ Rxa7 38. bxa7 Bxa7 39. gxf4 gxf4 40. exf4 Nf3+
41. Kc2 Bxf2 42. Nxe4 Nd4+ 43. Kd3 Bf5 44. Ne3 Bxe3 45. Re1 Nc2 46. Kxc2 Bxe4+
47. Kc3 Bxf4 48. Rxe4 Bd6 49. a4 Kf6 50. Re2 Bc7 51. Kc4 Kf5 52. Kb5 Kf6 53. a5
Bd8 54. Rc2 Be7 55. a6 Bd6 56. a7 1-0

[Event "Women's Speed Chess Q7"]
[Site "chess.com INT"]
[Date "2021.06.06"]
[Round "2"]
[White "Mendoza, Shania Mae"]
[Black "Zhou, Qiyu"]
[Result "0-1"]
[WhiteTitle "WFM"]
[BlackTitle "FM"]
[WhiteElo "2158"]
[BlackElo "2229"]
[WhiteFideId "5211158"]
[BlackFideId "505161"]
[EventDate "2021.06.06"]

1. e4 e5 2. Nf3 Nc6 3. d4 exd4 4. Bc4 Nf6 5. e5 d5 6. Bb5 Ne4 7. Nxd4 Bc5 8. Be3
Bd7 9. Bxc6 bxc6 10. O-O O-O 11. Nc3 Nxc3 12. bxc3 Qe7 13. Bf4 Kh8 14. Nb3 Bb6
15. a4 a5 16. Qh5 Be6 17. Rae1 c5 18. Bg5 Qd7 19. Qh4 Bf5 20. Rc1 Rfe8 21. Rfe1
Be4 22. Nd2 Bg6 23. h3 Re6 24. f4 Rae8 25. Nf3 Qxa4 26. f5 Qxh4 27. Nxh4 Rxe5
28. Rxe5 Rxe5 29. fxg6 hxg6 30. Nf3 Re2 31. Kf1 Re6 32. Re1 a4 33. Rxe6 fxe6 34.
Bc1 Ba5 35. Bb2 c4 36. Ke2 a3 37. Ba1 c5 38. Ng5 e5 39. Nf7+ Kg8 40. Nxe5 g5 41.
Nd7 d4 42. Nxc5 Bxc3 43. Kd1 Bxa1 44. Kc1 Bb2+ 45. Kb1 Kf7 46. Ka2 Kg6 47. g4
Kf6 48. Ne4+ Kg6 49. Nd6 d3 50. cxd3 cxd3 51. Ne4 Kf7 52. Nxg5+ Kf6 53. Nf3 Ke6
54. Kb1 Kd5 55. h4 Ke4 0-1

[Event "Women's Speed Chess Q7"]
[Site "chess.com INT"]
[Date "2021.06.06"]
[Round "2"]
[White "Mohota, Nisha"]
[Black "Antolak, Julia"]
[Result "0-1"]
[WhiteTitle "IM"]
[BlackTitle "WIM"]
[WhiteElo "2195"]
[BlackElo "2309"]
[WhiteFideId "5004330"]
[BlackFideId "1159569"]
[EventDate "2021.06.06"]

1. b3 Nf6 2. Bb2 e6 3. e3 Be7 4. f4 b6 5. Nf3 Bb7 6. Bd3 c5 7. O-O O-O 8. Nc3 d5
9. Ne2 Nc6 10. Ng3 d4 11. e4 e5 12. Nxe5 Nxe5 13. fxe5 Nd7 14. Nf5 Nxe5 15. Qe2
Bc8 16. Rae1 Bxf5 17. Rxf5 Qd6 18. Ref1 g6 19. R5f4 Bd8 20. Bc4 Bc7 21. Rf6 Qe7
22. d3 Nxc4 23. bxc4 Be5 24. R6f3 Bg7 25. Bc1 a6 26. Bf4 b5 27. cxb5 axb5 28.
Rb1 b4 29. Rb2 Ra6 30. Qd2 Rfa8 31. Bg5 Qe6 32. Bh6 Rxa2 33. Rxa2 Rxa2 34. Bxg7
Kxg7 35. h3 b3 36. Qf4 b2 37. Rf1 Ra1 38. Kh2 b1=Q 39. Rxb1 Rxb1 40. Qc7 Rb6 41.
Qxc5 Qd6+ 42. Qxd6 Rxd6 43. e5 Rc6 44. Kg3 Rxc2 45. Kf4 Re2 46. g4 Re3 47. g5
Rxd3 48. h4 Re3 49. Kg4 Re1 50. h5 gxh5+ 51. Kxh5 d3 52. Kg4 d2 53. Kf5 d1=Q 54.
Kf4 Rf1+ 55. Kg3 Qd3+ 56. Kg4 Qe4+ 57. Kh5 Rh1# 0-1

[Event "Women's Speed Chess Q7"]
[Site "chess.com INT"]
[Date "2021.06.06"]
[Round "2"]
[White "Papp, Petra"]
[Black "Bodnaruk, Anastasia"]
[Result "0-1"]
[WhiteTitle "WGM"]
[BlackTitle "IM"]
[WhiteElo "2336"]
[BlackElo "2446"]
[WhiteFideId "739049"]
[BlackFideId "4181751"]
[EventDate "2021.06.06"]

1. e4 c5 2. d4 cxd4 3. c3 dxc3 4. Nxc3 Nc6 5. Nf3 e6 6. Bc4 a6 7. O-O d6 8. Bf4
Nf6 9. Qe2 e5 10. Bg5 Be7 11. Rfd1 O-O 12. Rac1 Be6 13. Bxf6 Bxf6 14. Nd5 Be7
15. Bb3 Re8 16. Qe3 Bf8 17. h3 Rb8 18. Nb6 Nd4 19. Nxd4 Qxb6 20. Nxe6 Qxe3 21.
fxe3 fxe6 22. Rc7 b5 23. Rf1 Rbd8 24. Rff7 Kh8 25. a4 h6 26. Ra7 d5 27. Rxa6
bxa4 28. Bxa4 Re7 29. Ra7 Rxa7 30. Rxa7 Bc5 31. Ra6 Bxe3+ 32. Kh2 d4 33. Rxe6 d3
34. g3 d2 35. Bd1 Rc8 36. Bg4 Rc1 37. Re8+ Kh7 38. Bf5+ g6 39. Re7+ Kg8 40. Bg4
Rc2 41. Bd1 Rc1 42. Bg4 d1=Q 43. Bxd1 Rxd1 44. g4 Bf4+ 45. Kg2 Rd2+ 46. Kf3 Rxb2
47. h4 Rb3+ 48. Ke2 Re3+ 49. Kf2 Rxe4 50. h5 gxh5 51. gxh5 Re3 52. Rb7 Rh3 53.
Rb8+ Kf7 54. Rb7+ Kf6 55. Kg2 Rxh5 56. Kf3 Rh3+ 57. Ke4 Re3+ 58. Kd5 h5 59. Rb6+
Kf5 60. Rb8 h4 61. Rh8 h3 62. Rf8+ Kg4 63. Rg8+ 0-1

[Event "Women's Speed Chess Q7"]
[Site "chess.com INT"]
[Date "2021.06.06"]
[Round "2"]
[White "Golubenko, Valentina"]
[Black "Berend, Elvira"]
[Result "0-1"]
[WhiteTitle "WGM"]
[BlackTitle "WGM"]
[WhiteElo "2209"]
[BlackElo "2326"]
[WhiteFideId "4501993"]
[BlackFideId "4000510"]
[EventDate "2021.06.06"]

1. d4 Nf6 2. Nf3 g6 3. g3 Bg7 4. Bg2 O-O 5. O-O d6 6. d5 c5 7. dxc6 Nxc6 8. c4
Be6 9. Nbd2 Rc8 10. a3 b6 11. Ng5 Bd7 12. Rb1 Ne5 13. b3 Bf5 14. e4 Bg4 15. Qc2
Bd7 16. Bb2 Nc6 17. Ngf3 a6 18. Qd3 Ng4 19. Bxg7 Kxg7 20. Qe2 Nge5 21. Nxe5 dxe5
22. Rfd1 Qc7 23. Nf3 Bg4 24. Qe3 Bxf3 25. Bxf3 Nd4 26. Bg2 Rfd8 27. f4 Qc5 28.
Kh1 Rd6 29. b4 Qxc4 30. Rbc1 Nc2 31. Qf2 Rxd1+ 32. Rxd1 Nxa3 33. fxe5 Qc3 34.
Bh3 Rf8 35. Rf1 Qxe5 36. Qxb6 Qxe4+ 37. Bg2 Qd3 38. Qa5 Nc2 39. Qe5+ Kg8 40.
Qxe7 Ne3 41. Re1 Nxg2 42. Kxg2 Qd2+ 43. Re2 Qd5+ 44. Kg1 Qc4 45. Kg2 Rc8 46. h4
h5 47. Rf2 Rf8 48. Kg1 Qd5 49. Kh2 Qd3 50. Kg1 Qxg3+ 51. Rg2 Qd3 52. Qf6 Qe3+
53. Kh2 Qe4 54. Kg1 Rc8 55. Kh2 Qxb4 56. Rxg6+ fxg6 57. Qxg6+ Kf8 58. Qf6+ Ke8
59. Qe6+ Kd8 60. Qd5+ Kc7 61. Qf7+ Kb8 0-1

[Event "Women's Speed Chess Q7"]
[Site "chess.com INT"]
[Date "2021.06.06"]
[Round "2"]
[White "Luong, Phuong Hanh"]
[Black "Gunina, Valentina"]
[Result "0-1"]
[WhiteTitle "WIM"]
[BlackTitle "GM"]
[WhiteElo "2229"]
[BlackElo "2436"]
[WhiteFideId "12401013"]
[BlackFideId "4167570"]
[EventDate "2021.06.06"]

1. d4 d5 2. Nf3 Nf6 3. c4 c6 4. Qc2 g6 5. Bf4 Bg7 6. e3 O-O 7. Bd3 dxc4 8. Qxc4
Nd5 9. Bg3 b6 10. O-O Ba6 11. Qb3 Bxd3 12. Qxd3 c5 13. Nc3 Nxc3 14. bxc3 Nc6 15.
Rfd1 cxd4 16. cxd4 Rc8 17. Rac1 Qd5 18. a3 Rfd8 19. e4 Qa5 20. d5 e6 21. Qb3
exd5 22. exd5 Ne7 23. Bh4 Rxc1 24. Rxc1 Rd7 25. Bxe7 Rxe7 26. h3 Bf8 27. Rc8 Rd7
28. Qe3 Qxd5 29. Qe8 Qd1+ 30. Kh2 Qd6+ 31. g3 Qe7 32. Qxe7 Rxe7 33. Nd4 Kg7 34.
Nc6 Rd7 35. Ne5 Rd5 36. Nc6 Rc5 37. Nxa7 Rxc8 38. Nxc8 Bc5 39. a4 Bxf2 40. Kg2
Bc5 41. Kf3 Kf6 42. Ke4 Ke6 43. Na7 f5+ 44. Kf3 Kd5 45. Nb5 Kc4 46. Nc7 Kb4 47.
Ne6 Kxa4 48. Ng5 h6 49. Nf7 Bf8 50. Ne5 g5 51. Nd7 Bc5 52. h4 gxh4 53. gxh4 Bd4
54. Kf4 b5 55. Nf8 b4 56. Ne6 Bf2 57. Kf3 Bxh4 58. Nd4 b3 59. Ne2 Bg5 60. Nc3+
Kb4 61. Nd1 Ka3 62. Ne3 b2 0-1

[Event "Women's Speed Chess Q7"]
[Site "chess.com INT"]
[Date "2021.06.06"]
[Round "2"]
[White "Obregon Garcia, Roxangel"]
[Black "Kanyamarala, Trisha"]
[Result "1-0"]
[WhiteTitle "WIM"]
[BlackTitle "WIM"]
[WhiteElo "2167"]
[BlackElo "2180"]
[WhiteFideId "3520420"]
[BlackFideId "45004722"]
[EventDate "2021.06.06"]

1. d4 Nf6 2. Bf4 d5 3. e3 e6 4. c3 c5 5. Nd2 Nc6 6. Ngf3 Bd6 7. Bg3 O-O 8. Bb5
Qc7 9. Bxc6 bxc6 10. dxc5 Bxg3 11. hxg3 a5 12. O-O Rb8 13. Qc2 Qe7 14. Rfe1 Qxc5
15. e4 Ng4 16. Re2 Ba6 17. Nb3 Qb6 18. Rd2 a4 19. Nbd4 c5 20. Ne2 Rfd8 21. Nf4
dxe4 22. Rxd8+ Rxd8 23. Qxe4 Qxb2 24. Rf1 Bb7 25. Qxa4 Bxf3 26. gxf3 Ne5 27. Qe4
Qxc3 28. Kg2 h6 29. g4 Nc4 30. Rh1 Nd2 31. Qe3 Qxe3 32. fxe3 Nc4 33. e4 Rd2+ 34.
Kg3 Rxa2 35. Rc1 Ra4 36. Nd3 Ne3 37. Nxc5 Ra2 38. Nd3 g5 39. f4 Rg2+ 40. Kf3
gxf4 41. Nxf4 Rxg4 42. Kxe3 Kg7 43. Kf3 Rg5 44. Rc7 Ra5 45. Nxe6+ Kf6 46. Nf4
Ra3+ 47. Kg4 Ra4 48. Nd5+ Ke5 49. Re7+ Kd6 50. Kf4 h5 51. Rxf7 Ra1 52. Rh7 Rf1+
53. Ke3 Re1+ 54. Kd3 Rd1+ 55. Ke2 Rh1 56. Rh6+ Ke5 57. Nf6 h4 58. Ke3 1-0